Statistics for F1 Winners: British Drivers

Click here to take the quiz!

General Stats

  • This quiz has been taken 187 times
    (109 since last reset)
  • The average score is 14 of 20

Answer Stats

Race WinsDriver% Correct
103Lewis Hamilton
99%
27Jackie Stewart
97%
22Damon Hill
93%
14Graham Hill
93%
25Jim Clark
91%
31Nigel Mansell
88%
15Jenson Button
84%
13David Coulthard
82%
1George Russell
76%
10James Hunt
76%
3Mike Hawthorn
76%
16Stirling Moss
73%
4Eddie Irvine
68%
6John Surtees
66%
3Johnny Herbert
50%
6Tony Brooks
47%
5John Watson
46%
3Peter Collins
45%
1Innes Ireland
28%
1Peter Gethin
18%

Score Distribution

Percentile by Number Answered

Percent of People with Each Score

Your Score History

You have not taken this quiz since the last reset